<?xml version="1.0" encoding="UTF-8"?>
<record
    xmlns:xsi="http://www.w3.org/2001/XMLSchema-instance"
    xsi:schemaLocation="http://www.loc.gov/MARC21/slim http://www.loc.gov/standards/marcxml/schema/MARC21slim.xsd"
    xmlns="http://www.loc.gov/MARC21/slim">

  <leader>00952nam a22002537a 4500</leader>
  <controlfield tag="003">SEM</controlfield>
  <datafield tag="999" ind1=" " ind2=" ">
    <subfield code="c">44053</subfield>
    <subfield code="d">44053</subfield>
  </datafield>
  <controlfield tag="005">20220608071007.0</controlfield>
  <controlfield tag="008">201222b           ||||| |||| 00| 0 arm d</controlfield>
  <datafield tag="020" ind1=" " ind2=" ">
    <subfield code="a">9993085928 (&#x540;. &#x532;)</subfield>
  </datafield>
  <datafield tag="040" ind1=" " ind2=" ">
    <subfield code="a">SEM</subfield>
    <subfield code="c">SEM</subfield>
  </datafield>
  <datafield tag="041" ind1=" " ind2=" ">
    <subfield code="a">arm.</subfield>
  </datafield>
  <datafield tag="080" ind1=" " ind2=" ">
    <subfield code="a">34(47.925)/&#x531;-77</subfield>
  </datafield>
  <datafield tag="100" ind1=" " ind2=" ">
    <subfield code="a">&#x531;&#x57E;&#x561;&#x563;&#x575;&#x561;&#x576; &#x54C;&#x578;&#x582;&#x562;&#x565;&#x576;</subfield>
  </datafield>
  <datafield tag="245" ind1=" " ind2=" ">
    <subfield code="a">&#x540;&#x561;&#x575; &#x56B;&#x580;&#x561;&#x57E;&#x561;&#x56F;&#x561;&#x576; &#x574;&#x57F;&#x584;&#x56B; &#x563;&#x561;&#x576;&#x571;&#x561;&#x580;&#x561;&#x576;: </subfield>
    <subfield code="b">(&#x574;. &#x569;. &#x561;. IX &#x564;. - &#x574;. &#x569;. XIX &#x564;.): /</subfield>
    <subfield code="c">&#x54C;. &#x531;&#x57E;&#x561;&#x563;&#x575;&#x561;&#x576;; &#x53D;&#x574;&#x562;.&#x55D; &#x540;. &#x540;&#x561;&#x56F;&#x578;&#x562;&#x57B;&#x561;&#x576;&#x575;&#x561;&#x576;, &#x54D;. &#x544;&#x56F;&#x580;&#x57F;&#x579;&#x575;&#x561;&#x576;, &#x555;. &#x544;&#x561;&#x580;&#x56F;&#x578;&#x57D;&#x575;&#x561;&#x576;</subfield>
  </datafield>
  <datafield tag="260" ind1=" " ind2=" ">
    <subfield code="a">&#x535;&#x580;&#x587;&#x561;&#x576;: </subfield>
    <subfield code="b">&#xAB;&#x544;&#x576;&#x56B;&#x56B; &#x565;&#x574;- XXI &#x564;&#x561;&#x580;&#xBB;,</subfield>
    <subfield code="c">2002.</subfield>
  </datafield>
  <datafield tag="300" ind1=" " ind2=" ">
    <subfield code="a">&#x540;.;</subfield>
    <subfield code="c">20 &#x57D;&#x574;</subfield>
  </datafield>
  <datafield tag="505" ind1=" " ind2=" ">
    <subfield code="a">&#x540;. 1 -</subfield>
    <subfield code="g">2001.- 671 &#x567;&#x57B; </subfield>
  </datafield>
  <datafield tag="505" ind1=" " ind2=" ">
    <subfield code="a">&#x540;. 2 -</subfield>
    <subfield code="g">2002.- 666+V &#x567;&#x57B; </subfield>
  </datafield>
  <datafield tag="650" ind1=" " ind2=" ">
    <subfield code="a">&#x53B;&#x580;&#x561;&#x57E;&#x578;&#x582;&#x576;&#x584;</subfield>
    <subfield code="z">&#x540;&#x561;&#x575;&#x561;&#x57D;&#x57F;&#x561;&#x576;</subfield>
  </datafield>
  <datafield tag="700" ind1=" " ind2=" ">
    <subfield code="a">&#x540;&#x561;&#x56F;&#x578;&#x562;&#x57B;&#x561;&#x576;&#x575;&#x561;&#x576; &#x540;. </subfield>
    <subfield code="e">&#x56D;&#x574;&#x562;.</subfield>
    <subfield code="4">edt.</subfield>
  </datafield>
  <datafield tag="700" ind1=" " ind2=" ">
    <subfield code="a">&#x544;&#x56F;&#x580;&#x57F;&#x579;&#x575;&#x561;&#x576; &#x54D;.</subfield>
    <subfield code="e">&#x56D;&#x574;&#x562;.</subfield>
    <subfield code="4">edt.</subfield>
  </datafield>
  <datafield tag="700" ind1=" " ind2=" ">
    <subfield code="a">&#x544;&#x561;&#x580;&#x56F;&#x578;&#x57D;&#x575;&#x561;&#x576; &#x555;. </subfield>
    <subfield code="e">&#x56D;&#x574;&#x562;.</subfield>
    <subfield code="4">edt.</subfield>
  </datafield>
  <datafield tag="942" ind1=" " ind2=" ">
    <subfield code="2">udc</subfield>
    <subfield code="c">BK</subfield>
  </datafield>
  <datafield tag="952" ind1=" " ind2=" ">
    <subfield code="0">0</subfield>
    <subfield code="1">0</subfield>
    <subfield code="2">udc</subfield>
    <subfield code="4">0</subfield>
    <subfield code="7">0</subfield>
    <subfield code="8">&#x533;&#x580;&#x561;&#x57A;&#x561;&#x570;&#x578;&#x581;</subfield>
    <subfield code="a">SEM</subfield>
    <subfield code="b">SEM</subfield>
    <subfield code="d">2020-12-24</subfield>
    <subfield code="g">2000.00</subfield>
    <subfield code="h">&#x540;. 2</subfield>
    <subfield code="i">10141</subfield>
    <subfield code="l">0</subfield>
    <subfield code="o">34(47.925)/&#x531;-77</subfield>
    <subfield code="p">10141</subfield>
    <subfield code="r">2014-11-16</subfield>
    <subfield code="w">2014-11-16</subfield>
    <subfield code="y">BK</subfield>
    <subfield code="z">&#x54D;&#x57A;&#x561;&#x57D;&#x561;&#x580;&#x56F;&#x57E;&#x578;&#x582;&#x574; &#x567; 30 &#x585;&#x580;</subfield>
  </datafield>
  <datafield tag="952" ind1=" " ind2=" ">
    <subfield code="0">0</subfield>
    <subfield code="1">0</subfield>
    <subfield code="2">udc</subfield>
    <subfield code="4">0</subfield>
    <subfield code="7">0</subfield>
    <subfield code="8">&#x533;&#x580;&#x561;&#x57A;&#x561;&#x570;&#x578;&#x581;</subfield>
    <subfield code="a">SEM</subfield>
    <subfield code="b">SEM</subfield>
    <subfield code="d">2020-12-22</subfield>
    <subfield code="g">2000.00</subfield>
    <subfield code="h">&#x540;. 2</subfield>
    <subfield code="i">32389</subfield>
    <subfield code="l">0</subfield>
    <subfield code="o">34(47.925)/&#x531;-77</subfield>
    <subfield code="p">32389</subfield>
    <subfield code="r">2020-12-22</subfield>
    <subfield code="w">2020-12-22</subfield>
    <subfield code="y">BK</subfield>
    <subfield code="z">&#x54D;&#x57A;&#x561;&#x57D;&#x561;&#x580;&#x56F;&#x57E;&#x578;&#x582;&#x574; &#x567; &#x568;&#x576;&#x569;&#x565;&#x580;&#x581;&#x561;&#x57D;&#x580;&#x561;&#x570;</subfield>
  </datafield>
  <datafield tag="952" ind1=" " ind2=" ">
    <subfield code="0">0</subfield>
    <subfield code="1">0</subfield>
    <subfield code="2">udc</subfield>
    <subfield code="4">0</subfield>
    <subfield code="7">0</subfield>
    <subfield code="8">&#x533;&#x580;&#x561;&#x57A;&#x561;&#x570;&#x578;&#x581;</subfield>
    <subfield code="a">SEM</subfield>
    <subfield code="b">SEM</subfield>
    <subfield code="d">2020-12-24</subfield>
    <subfield code="g">2000.00</subfield>
    <subfield code="h">&#x540;. 1</subfield>
    <subfield code="i">11096</subfield>
    <subfield code="l">0</subfield>
    <subfield code="o">34(47.925)/&#x531;-77</subfield>
    <subfield code="p">11096</subfield>
    <subfield code="r">2020-12-24</subfield>
    <subfield code="w">2020-12-24</subfield>
    <subfield code="y">BK</subfield>
    <subfield code="z">&#x54D;&#x57A;&#x561;&#x57D;&#x561;&#x580;&#x56F;&#x57E;&#x578;&#x582;&#x574; &#x567; &#x568;&#x576;&#x569;&#x565;&#x580;&#x581;&#x561;&#x57D;&#x580;&#x561;&#x570;</subfield>
  </datafield>
</record>
